Dirigent z Petrohradu /

Hlavní autor: Grebe, Camilla, 1968-
Další autoři: Leander-Engström, Paul, 1966-, Nováčková, Eva, 1936-2024
Jazyk: Čeština
Vydáno: [Líbeznice] : Víkend, 2014
Témata:
Fyzický popis: 318 s. ; 21 cm
Knihy
Uloženo v:
LEADER 01444cam a2200397 a 4500
001 nkc20142648150
003 CZ PrNK
005 20240712120347.0
007 ta
008 141111s2014 xr e 000 f cze d
015 |a cnb002648150 
020 |a 978-80-7433-091-9  |q (váz.) 
035 |a (OCoLC)907521457 
040 |a OSA001  |b cze  |d BOA001  |d ABA001 
041 1 |a cze  |h swe 
072 7 |a 821.11  |x Germánské literatury  |2 Konspekt  |9 25 
080 |a 821.113.6-31  |2 MRF 
080 |a (0:82-312.4)  |2 MRF 
100 1 |a Grebe, Camilla,  |d 1968-  |7 xx0160512  |4 aut 
245 1 0 |a Dirigent z Petrohradu /  |c Camilla Grebe, Paul Leander Engström ; [ze švédského originálu ... přeložila Eva Nováčková] 
260 |a [Líbeznice] :  |b Víkend,  |c 2014 
300 |a 318 s. ;  |c 21 cm 
655 7 |a švédské romány  |7 fd133923  |2 czenas 
655 7 |a detektivní romány  |7 fd132010  |2 czenas 
655 7 |a thrillery (romány)  |7 fd184206  |2 czenas 
655 9 |a Swedish fiction  |2 eczenas 
655 9 |a detective novels  |2 eczenas 
655 9 |a thrillers (novels)  |2 eczenas 
700 1 |a Leander-Engström, Paul,  |d 1966-  |7 osa2014847799  |4 aut 
700 1 |a Nováčková, Eva,  |d 1936-2024  |7 xx0069595  |4 trl 
765 0 |t Dirigenten från Sankt Petersburg  |9 Česky 
910 2 |a BOA001  |b 2-1341.920 
990 |a BK 
995 |a 01 
991 |b 201505  |c NOV  |e b 
996 6 |b 2610623840  |c 2-1341.920  |l MZK  |r Sklad / do 1 hodiny  |n 0  |p p.v.  |w 001492404  |u 000010  |a 1  |e BOA001  |j MZK50  |s P